000 01102nam a2200217 a 4500
001 52298
005 20180714042109.0
008 140415s1985 mx 000 0 spa d
041 _aspa
082 _a660.28
_bLIT
100 1 _aLITTLEJOHN, CHARLES E.
245 1 0 _aINTRODUCCION A LA INGENIERIA QUIMICA
250 _a1a ed.
260 _aMEXICO :
_bCOMPAÑIA EDITORIAL CONTINENTAL,
_c1985
300 _a740
_c15.7 x 2.8 x 22.3
520 _aEL OBJETIVO DE ESTE LIBRO ES QUE SIRVA COMO UN TEXTO ELEMENTAL A ESTUDIANTES DE INGENIERIA QUÍMICA Y PROFESIONES RELACIONADAS. MUCHOS ESTUDIANTES SE DESANIMAN DUARANTES LOS DOS PRIMEROS AÑOS DE LA UNVIERSIDAD, TALES ESTUDIANTES DEBERAN ENTENDER QUE ANTS DE PODER CONSEGUIR UNA MAESTRIA EN PRINCIPIOS DE INGENIERIA DEBERÁN SER ENTENDIDOS LOS FUNDAMENTOS. PARTE DEL CONTENIDO DE LOS PRIMEROS CAPITULOS ES GENERAL Y MAS ADELANTE VA SUBIENDO EL GRADO DE DIFICULTAD.
650 1 4 _aINGENIERIA QUIMICA
700 1 _aANDION UZ, FRANCISCO
_etr.
740 _aAN INTRODUCTION TO CHEMICAL ENGINEERING
700 1 _aMEENAGHAN, GEORGE F.
_ecoaut.
999 _c52298
_d52298